[Event "Superbet Chess Classic"]
[Site "chess24.com"]
[Date "2023.05.10"]
[Round "5.2"]
[White "Firouzja, Alireza"]
[Black "Ding, Liren"]
[Result "1-0"]
[WhiteElo "2785"]
[BlackElo "2789"]
[EventDate "2023.??.??"]
[Annotator "Bojkov,Dejan"]
[PlyCount "103"]
[Beauty "6873960939570"]
[EventType "team-tourn"]

1.e4 e5 2.Nf3 Nc6 3.Bb5 Nf6 4.d3 Bc5 5.c3 O-O 6.O-O d5 7.Nbd2 dxe4 8.dxe4 a5 9.Qc2 Qe7 10.a4 Nb8 {Kramnik tried this once, against Carlsen, and they are not the only world champions who have been here before.} 11.h3 {Yes, you guessed it right $1 So far both players followed a crucial game from the world championship match in Kazakhstan.} ( {In Astana, Ding faced instead:} 11.Re1 Rd8 12.h3 h6 13.Nf1 c6 14.Bc4 Na6 15.Ng3 Qc7 16.Ba2 b5 17.Qe2 Rb8 18.Nh4 Bf8 19.Qf3 bxa4 20.Bxh6 {and managed to survive his opponent's fierce attack after} 20...Nc5 {Nepomniachtchi,I (2795)-Ding,L (2788) Astana 2023} ) 11...Rd8 12.Be2 Nbd7 13.Re1 Nf8 14.Nb3 Bb6 15.Nfd2 Be6 16.Nc4 {All of this seems very logical. White gains the bishop pair.} 16...Bxc4 17.Bxc4 Ne6 18.g3 {[#]} 18...h5 $5 $146 {[%c_effect h5;square;h5;type;Interesting;persistent;true] A move that Firouzja did not like. He felt as if his opponent is weakening too much. On the other hand, Ding is working on the creation of some outposts around the opponent's king.} ( {The predecessor saw:} 18...h6 19.Kg2 Rd7 20.Nd2 Qc5 21.Nf3 Qxc4 22.Nxe5 Qc5 23.Nxd7 Nxd7 24.Be3 Qc6 {Anand,V (2757) -Vidit,S (2722) Kolkata 2019} ) ( {Instead} 18...Nc5 {\"is just equal\" (Firouzja)} ) 19.Kg2 {That is the correct approach.} ( 19.h4 $2 {[%c_effect h4;square;h4;type;Mistake;persistent;true] allows the black knight too comfortable squares close to the king and after} 19...Ng4 20.Rf1 Qf6 {Black has a strong attack.} ( {Or even} 20...Nf4 ) ) 19...h4 20.Qe2 g6 {\"A terrible move, weakens his king.\" (Firouzja)} ( {Indeed, a move like} 20...Rd7 $5 {[%c_effect d7;square;d7;type;Interesting;persistent;true] both overprotecting the vital f7-point, and preparing the counterplay along the d-file would have been in the spirit of the position. Then} 21.Nd2 Nc5 22.Nf3 Ncxe4 {would be a far inferior version of the game continuation for White and Black should do very well, say} 23.Nxh4 Bxf2 ( {Or even} 23...Rad8 ) ) 21.Nd2 $1 {[%c_effect d2;square;d2;type;GreatFind;persistent;true] A very strong idea by Firouzja. The light squares are the sore points in the black camp therefore he is quickly transferring his forces towards the objects.} 21...Nc5 22.Nf3 hxg3 ( {This time} 22...Ncxe4 {does not suffice due to} 23.g4 $1 {[%c_effect g4;square;g4;type;GreatFind;persistent;true]} ) 23.fxg3 Ncxe4 24.Ng5 {All of this is very straightforward and logical, but based on a miscalculation.} ( {Instead, in the studio White was very anxious about the super-idea} 24.Ba2 $3 {[%c_effect a2;square;a2;type;Brilliant;persistent;true] \"Prophylactical move, stops Ne4-d6 which was the whole problem for me during the game.\" (Firouzja), and indeed, White would be clearly on top then after, say,} 24...Kg7 ( {And if} 24...Rd7 {this time} 25.Qc2 $1 {[%c_effect c2;square;c2;type;GreatFind;persistent;true] works.} ) 25.Ng5 ) ( {\"First I thought that I am winning with\"} 24.Qc2 {\"but then I saw\"} 24...Qc5 $1 {[%c_effect c5;square;c5;type;GreatFind;persistent;true] \"and that was the first cold shower. \" (Firouzja) Since} 25.Rxe4 Nxe4 26.Qxe4 Qf2+ 27.Kh1 Rd1+ {is mate.} ) 24...Nd6 $1 {[%c_effect d6;square;d6;type;GreatFind;persistent;true]} ( {Definitely not self-pinning with} 24...Nxg5 $2 {[%c_effect g5;square;g5;type;Mistake;persistent;true]} 25.Bxg5 {when both bishops squeeze Black out.} ) 25.Ba2 Re8 26.h4 ( {Unfortunately for White, he thought that he does not have} 26.Bf4 $5 {[%c_effect f4;square;f4;type;Interesting;persistent;true]} 26...Nh5 27.Qxe5 {Due to the strong resource} ( 27.Rad1 $5 {[%c_effect d1;square;d1;type;Interesting;persistent;true] However, this move leaves the situation unclear, say} 27...Nxf4+ 28.gxf4 Kg7 29.Qxe5+ Qf6 ) 27...Qd7 $1 {[%c_effect d7;square;d7;type;GreatFind;persistent;true] (Firouzja)} 28.Qd5 Nxf4+ 29.gxf4 Kg7 {and Black is indeed better.} ) 26...Kg7 27.Rf1 {\"I felt I should not be worse here with this strong bishop (Ba2). But perhaps my other bishop is bad\" (Firouzja)} 27...Rad8 28.Bd2 e4 $1 {[%c_effect e4;square;e4;type;GreatFind;persistent;true] Ding is en route to proving his opponent wrong.} 29.Bf4 $1 {[%c_effect f4;square;f4;type;GreatFind;persistent;true] Sharpens up the game to the maximum in the forthcoming time trouble.} ( {Rather than} 29.Rae1 e3 30.Bc1 Qe5 {which leaves White no practical chances at all.} ) 29...e3 {This pawn could have been huge $1} 30.Rad1 Nfe4 {Alas, in the heat of the battle, and in the midst of the time trouble, the world champion errs and misses a brilliant win.} ( {Ding saw the move} 30...Nde4 $1 {[%c_effect e4;square;e4;type;GreatFind;persistent;true] but after} 31.Nxf7 {The Chinese GM missed the best continuation.} ( {White does not have} 31.Bxf7 Rxd1 32.Rxd1 Nxg5 {Due to the same in-between crafty little check after both} 33.Bxe8 ( 33.hxg5 Qe4+ $1 {[%c_effect e4;square;e4;type;GreatFind;persistent;true]} 34.Kg1 Rh8 ) 33...Qe4+ $1 {[%c_effect e4;square;e4;type;GreatFind;persistent;true]} ) 31...Rxd1 $3 {[%c_effect d1;square;d1;type;Brilliant;keyPressed;undefined;persistent;true] A move which Firouzja explained as a counterintuitive and difficult move for a human to find, as Black is giving away the open file. This is indeed true; however, it is the e-pawn that matters here and therefore the remaining black rook does a phenomenal job from where it stands. For example} ( 31...Rd2 {(Ding), \"but I don't think it is a good move. \" (Firouzja)} 32.Rxd2 Nxd2 33.Bh6+ Kh7 34.Rf4 Nh5 $2 {[%c_effect h5;square;h5;type;Mistake;persistent;true]} ( {Apparently} 34...Nde4 {is still unclear, at least according to the machine.} ) 35.Ng5+ Kxh6 36.Rf7 ) 32.Rxd1 Nf2 33.Re1 ( {The line} 33.Rf1 Qe4+ 34.Qf3 e2 $3 {[%c_effect e2;square;e2;type;Brilliant;persistent;true] is particularly pretty} 35.Bh6+ Kh7 36.Ng5+ Kxh6 37.Nxe4 exf1=Q+ 38.Kxf1 N2xe4 {and Black wins.} ) 33...Qe4+ 34.Qf3 Nd3 35.Re2 ( {Or} 35.Bh6+ Kh7 36.Re2 Qxf3+ 37.Kxf3 Nc1 $1 {[%c_effect c1;square;c1;type;GreatFind;persistent;true]} ) 35...Nxf4+ 36.gxf4 Nh5 $1 {[%c_effect h5;square;h5;type;GreatFind;persistent;true] and White position burns down in flames.} ) 31.Bxd6 $1 {[%c_effect d6;square;d6;type;GreatFind;persistent;true] Firouzja speculated that his opponent decided to force a draw in the coming time trouble.} 31...Nxd6 32.Bxf7 Nxf7 33.Rxf7+ Qxf7 34.Nxf7 Rxd1 35.Qxd1 Kxf7 ( {Or perhaps the world champion missed that in the line} 35...e2 36.Qd7 e1=Q 37.Ne5+ $1 {[%c_effect e5;square;e5;type;GreatFind;persistent;true] Is he getting mated $2 Say} 37...Kh6 38.Ng4+ Kh5 39.Qh7+ Kxg4 40.Qxg6# ) 36.Qe2 Ke7 {The last straw. \"He left the g6-pawn very weak.\" (Firouzja)} ( {Instead Black had decent chances of holding on with} 36...Kg7 $1 {[%c_effect g7;square;g7;type;GreatFind;persistent;true]} 37.Kf1 Bc5 $1 {[%c_effect c5;square;c5;type;GreatFind;persistent;true] \"Activating the bishop.\" (Firouzja)} ) 37.Kf1 $1 {[%c_effect f1;square;f1;type;GreatFind;persistent;true] White releases the queen.} 37...Rf8+ 38.Ke1 Rf2 39.Qg4 Kf6 40.Qg5+ Kf7 41.Qd5+ Kf6 42.g4 $1 {[%c_effect g4;square;g4;type;GreatFind;persistent;true] And once the pawns come to help, it is all over. The problem for Black is that the pawns are moving while creating mating nets.} 42...Rxb2 43.g5+ Ke7 ( {Or else} 43...Kg7 44.Qe5+ {would win the g6-pawn with check safter} 44...Kg8 ( 44...Kf7 45.Qf6+ ) 45.Qe6+ ) 44.Qe5+ Kd7 45.Qg7+ Kd6 46.Qxg6+ {The rest was easy for Firouzja.} 46...Ke5 47.Qe8+ Kf4 48.g6 Rb1+ 49.Ke2 Rb2+ 50.Kd3 Rd2+ 51.Kc4 Rg2 52.Qf7+ 1-0

[Event "Superbet Chess Classic"]
[Site "chess24.com"]
[Date "2023.05.13"]
[Round "7.4"]
[White "Giri, Anish"]
[Black "Ding, Liren"]
[Result "1-0"]
[WhiteElo "2768"]
[BlackElo "2789"]
[EventDate "2023.??.??"]
[Annotator "Bojkov,Dejan"]
[PlyCount "71"]
[Beauty "7976156930098"]
[EventType "team-tourn"]

1.e4 e5 2.Nf3 Nc6 3.Bc4 Nf6 {As we have witnessed earlier in Bucharest, Black may even postpone the development of this knight, in order to avoid the pin.} 4.d3 Bc5 5.Bg5 {White is happy to go for this modern line.} 5...h6 6.Bh4 d6 7.c3 a5 8.Nbd2 {White is postponing his castling for the time being.} ( {As Black wants to push king g-pawn, this seems reasonable, although there are people brave enough to go for it:} 8.O-O O-O 9.Re1 g5 10.Bg3 Ba7 11.Nbd2 Nh7 12.d4 h5 13.h3 Qf6 14.dxe5 dxe5 15.Bb5 g4 16.hxg4 hxg4 17.Nh2 Qg5 {as in Erigaisi,A (2701)-So,W (2766) Chess.com INT 2023} ) 8...Ba7 9.a4 ( {Here too} 9.O-O {is inviting} 9...g5 10.Bg3 O-O 11.a3 Nh7 12.h3 h5 13.d4 g4 14.hxg4 hxg4 15.Bh4 Qd7 16.Nh2 exd4 17.Be2 dxc3 18.Nc4 cxb2 19.Rb1 Ne5 20.Rxb2 Ng6 {and Ding had positive memories from this game, Praggnanandhaa,R (2612)-Ding,L (2799) chess24.com INT 2022} ) 9...O-O $146 {Black castles first, but as we shall witness this might be too daring of a strategy against the pin.} ( {The predecessor saw:} 9...Qe7 10.O-O O-O 11.Re1 Be6 12.Bb5 Rad8 13.Qc2 Nb8 14.d4 c6 15.Bf1 Nbd7 16.Rad1 Rfe8 {Prabhu $146 (2099)-Pang,B (1818) Dulles 2022} ) ( {The natural question was asked in the studio. Why not} 9...g5 {before castling. The answer is after} 10.Bg3 {\"but then Black has to reckon with h2-h4.) (Giri)} ) 10.h3 g5 {Otherwise why did Black allow the pin $2 But now comes the forced, but good} 11.Nxg5 $1 {[%c_effect g5;square;g5;type;GreatFind;persistent;true] \"I remembered that in this particular move order this sacrifice is strong.\" (Giri)} 11...hxg5 12.Bxg5 Kg7 13.Qf3 {For the piece White has a couple of pawns and a long lasting, step-by-step kingside attack.} 13...Be6 14.Nf1 Rh8 $1 {[%c_effect h8;square;h8;type;GreatFind;persistent;true] A crafty move $1} ( {White knew the typical trick.} 14...Bxf2+ {and the best reply to it is} 15.Ke2 $3 {[%c_effect e2;square;e2;type;Brilliant;persistent;true] \"I had this position in my prep in a slightly different version.\" (Giri) Now the pawn gain backfires, as the f-file is opened in White's favor and his attack is decisive after say} ( {Instead} 15.Qxf2 $2 {[%c_effect f2;square;f2;type;Mistake;persistent;true]} 15...Nxe4 16.Bxd8 Nxf2 17.Kxf2 Nxd8 $1 {[%c_effect d8;square;d8;type;GreatFind;persistent;true] leads to Black's advantage.} ) ( {Whereas} 15.Kxf2 $6 {[%c_effect f2;square;f2;type;Inaccuracy;persistent;true]} 15...Nxe4+ 16.dxe4 Qxg5 {is approximately equal.} ) 15...Bb6 16.Ng3 ) 15.Ne3 $5 {[%c_effect e3;square;e3;type;Interesting;persistent;true]} ( {Giri spotted the danger. It appears that with his last move, the world champion had actually prepared the capture on f2, as in the line} 15.g4 Bxf2+ $1 {[%c_effect f2;square;f2;type;GreatFind;persistent;true]} 16.Ke2 Bh4 $1 {[%c_effect h4;square;h4;type;GreatFind;persistent;true] and it is Black who is on top $1} ) ( {However, there was also a strong argument about} 15.Ng3 Kg6 16.Nf5 {The knight is immune.} ( {The Dutchman rejected this line as he spotted the nasty trick} 16.h4 Bg4 17.Bxf6 Qd7 $1 {[%c_effect d7;square;d7;type;GreatFind;persistent;true] when the queen is trapped in the spirit of the Rubinstein French.} ) 16...Kxg5 $4 {[%c_effect g5;square;g5;type;Blunder;persistent;true] sends the king on a one-way journey to the moon after} 17.Qg3+ Kh5 18.Qg7 $1 {[%c_effect g7;square;g7;type;GreatFind;persistent;true] and mate is inevitable.} ) 15...Qe7 {Black's defense is very difficult. He also has a vast choice of ideas.} ( {White was OK with} 15...Bxe3 16.fxe3 {\"is sort of a thing in these positions, so I was kind of going for this.\" (Giri) Then White seems to regain his material and attack for free, say} 16...Rh6 ( 16...Bxc4 17.O-O ( {Or equally good} 17.Rf1 ) 17...Rh6 18.Bxh6+ Kxh6 19.dxc4 ) 17.Bxh6+ Kxh6 18.Bxe6 fxe6 19.Rf1 ) ( {Black correctly avoids} 15...Bxc4 16.Ng4 $1 {[%c_effect g4;square;g4;type;GreatFind;persistent;true]} ) ( {And the immediate} 15...Nb8 16.Nf5+ Bxf5 17.Qxf5 Nbd7 {also leads to a strong white attack after} 18.h4 ( {Or} 18.O-O-O ) ) 16.O-O-O {Another smart move, which eventually worked. Giri is preparing himself against the maneuver …Nc6-b8-d7, but misses a couple of ideas in the process.} ( {However, his other idea} 16.Rf1 $1 {[%c_effect f1;square;f1;type;GreatFind;persistent;true] would have been even better, as it appears that} 16...Nb8 {does not suffice due to the computer's slow attack with} 17.Nf5+ ( {But my feeling is that White missed the idea} 17.Bxe6 $5 {[%c_effect e6;square;e6;type;Interesting;persistent;true]} 17...Qxe6 18.Qxf6+ Qxf6 19.Bxf6+ Kxf6 20.Nd5+ $1 {[%c_effect d5;square;d5;type;GreatFind;persistent;true]} 20...Kg7 21.Nxc7 {practically winning the exchange.} ) 17...Bxf5 18.Qxf5 Nbd7 19.f4 exf4 20.Rxf4 Qe5 21.Kd2 $1 {[%c_effect d2;square;d2;type;GreatFind;persistent;true] and Black still faces problems.} ) 16...Rag8 {Whereas the world champion sees the Ne3-d5-xc7 danger and thus moves the rook out of the way.} ( {White's idea would have worked in case of} 16...Nb8 17.d4 $1 {[%c_effect d4;square;d4;type;GreatFind;persistent;true]} 17...exd4 18.cxd4 Nc6 19.e5 dxe5 20.d5 ) ( {However} 16...Bxe3+ $1 {[%c_effect e3;square;e3;type;GreatFind;persistent;true] might have been a more stubborn defense, when Giri intended} 17.fxe3 Nb8 18.Rhf1 Nbd7 19.Qg3 $2 {[%c_effect g3;square;g3;type;Mistake;persistent;true] But saw at the studio that this is only a dream and Black wins with} ( {Instead} 19.Bd5 $1 {[%c_effect d5;square;d5;type;GreatFind;persistent;true]} 19...c6 20.Qg3 Nh5 21.Bxe7+ Nxg3 22.Bxe6 fxe6 23.Rf3 {would have most likely been holdable for Black.} ) 19...Nh5 20.Bf6+ Kh7 21.Qh4 Nxf6 $19 ) 17.Rhf1 Nb8 18.d4 {The point behind White's play.} ( {However, much better was} 18.Nf5+ $1 {[%c_effect f5;square;f5;type;GreatFind;persistent;true]} 18...Bxf5 19.Qxf5 Nbd7 20.Kb1 {preparing the nasty f2-f4.} ) 18...exd4 19.cxd4 {Still, White's initiative is intimidating and the tired world champion soon messed things up.} 19...Nbd7 ( {White was more afraid of the idea} 19...Nc6 $1 {[%c_effect c6;square;c6;type;GreatFind;persistent;true] White is still calling the shots here though, after} 20.e5 dxe5 21.d5 Nd4 22.Rxd4 ( {I see nothing wrong with the prosaic} 22.Qxf6+ Qxf6 23.Bxf6+ Kxf6 24.dxe6 fxe6 25.Ng4+ {with a clear edge for the first player.} ) 22...Bxd4 23.dxe6 fxe6 24.Ng4 $1 {[%c_effect g4;square;g4;type;GreatFind;persistent;true]} 24...Rf8 ( {If} 24...e4 25.Qf4 $1 {[%c_effect f4;square;f4;type;GreatFind;persistent;true]} ) 25.Nxf6 Rxf6 26.Qxb7 {\"and I thought he might hold.\" (Giri) Even if this is the case, Black still needs to prove it.} ( {But} 26.Bxf6+ Qxf6 27.Qxb7 {might be even better for White.} ) ) 20.e5 {Breakthrough time.} 20...dxe5 21.d5 Qb4 {Ding obviously counted on this aggressive idea to save the day. However} 22.Qe2 $3 {[%c_effect e2;square;e2;type;Brilliant;persistent;true] A very nice idea $1} ( {Giri avoids the line} 22.Kb1 Bxe3 ( {But not} 22...Bd4 23.Rxd4 exd4 24.dxe6 fxe6 {(Giri) Due to} 25.Bxf6+ Nxf6 26.Ng4 $3 {[%c_effect g4;square;g4;type;Brilliant;persistent;true] when the black king is too vulnerable.} ) 23.fxe3 Qxc4 24.Bxf6+ Nxf6 25.Qxf6+ Kf8 26.dxe6 Qe4+ {\"a beautiful perpetual.\" (Giri)} ) 22...Bxh3 23.gxh3 Kf8 24.h4 {Even better than the more solid option.} ( 24.Nc2 Qd6 25.h4 {although here, too, White should be significantly better.} ) 24...Bd4 25.Rxd4 $1 {[%c_effect d4;square;d4;type;GreatFind;persistent;true] Black's position collapses. The rooks are doing little to nothing and the black knights would be soon separated.} ( 25.Bb5 $5 {[%c_effect b5;square;b5;type;Interesting;persistent;true]} ) 25...exd4 26.Nf5 Rxg5 27.hxg5 Ne5 28.Bb5 $1 {[%c_effect b5;square;b5;type;GreatFind;persistent;true] Not only hitting the e8-square, but this bishop is preventing any perpetual checks, as pointed out by White.} 28...Nfg4 29.Kb1 Kg8 ( {Perhaps Ding should have tried his last chance} 29...Rh2 30.d6 cxd6 31.Rc1 Kg8 {Then White still had to find the nice ambush} 32.Bd3 $3 {[%c_effect d3;square;d3;type;Brilliant;persistent;true] with a win in the line} 32...Rxf2 33.Rc8+ Kh7 34.Nh6+ f5 35.Bxf5+ Rxf5 36.Nxf5 ) 30.Nh6+ {Now it is easy, without the black knight the king cannot survive.} 30...Nxh6 31.Qxe5 Ng4 32.Qxc7 Kg7 33.g6 Rf8 34.gxf7 d3 35.Rg1 Rxf7 36.Qc3+ 1-0